Descriptive memoir of Prime Minister's Secretariat, Ist April 1956 (Record no. 491092)

000 -LEADER
fixed length control field 00445cam a22001097a 4500
008 - FIXED-LENGTH DATA ELEMENTS--GENERAL INFORMATION
fixed length control field 180718b1956 xxu||||| |||| 00| 0 eng d
082 ## - DEWEY DECIMAL CLASSIFICATION NUMBER
Classification number I5001 I241/1956
245 ## - TITLE STATEMENT
Title Descriptive memoir of Prime Minister's Secretariat, Ist April 1956
Statement of responsibility, etc. by O. and M. Division, Cabinet Secretariat
260 ## - PUBLICATION, DISTRIBUTION, ETC.
Place of publication, distribution, etc. New Delhi
Name of publisher, distributor, etc. O. and M. Division, Cabinet Secretariat
Date of publication, distribution, etc. 1956
300 ## - PHYSICAL DESCRIPTION
Extent 5p.
700 ## - ADDED ENTRY--PERSONAL NAME
Personal name India. Cabinet Secretariat. O. and M. Division. Cabinet Secretariat
Holdings
Withdrawn status Lost status Damaged status Not for loan Permanent Location Current Location Date acquired Full call number Barcode Date last seen Price effective from Koha item type
        Indian Institute of Public Administration Indian Institute of Public Administration 2018-08-04 I5001 I241/1956 GG32454 2018-08-04 2018-08-04 GG

Powered by Koha